[Event "American op 48th"]
[Site "Anaheim"]
[Date "2012.11.24"]
[Round "5"]
[White "Yankovsky, Roman"]
[Black "Chen, Shijie"]
[Result "1-0"]
[WhiteElo "2474"]
[BlackElo "2200"]
[PlyCount "73"]
[EventDate "2012.11.22"]
[EventType "swiss"]
[EventRounds "8"]
[EventCountry "USA"]
[SourceTitle "EXT 2014"]
[Source "ChessBase"]
[SourceDate "2013.11.20"]
[SourceVersion "1"]
[SourceVersionDate "2013.11.20"]
[SourceQuality "1"]

1. e4 d5 2. exd5 Qxd5 3. Nc3 Qd6 4. d4 c6 5. Nf3 Nf6 6. Ne5 e6 7. Be3 Qb4 8. a3 Qa5 9. Bd3 Be7 10. Qf3 Nbd7 11. Nc4 Qh5 12. Qg3 0-0 13. Be2 Qg6 14. Qxg6 hxg6 15. Bf3 Nd5 16. Ne4 Nxe3 17. fxe3 Nf6 18. Nc5 e5 19. Nxe5 Bxc5 20. dxc5 Re8 21. Nc4 Ne4 22. b4 g5 23. Rd1 Bf5 24. g4 Be6 25. Nd6 Nxd6 26. cxd6 f5 27. Kf2 fxg4 28. Bg2 Rad8 29. Rd4 Rf8+ 30. Kg3 Bd5 31. e4 Rf4 32. Rf1 Rdf8 33. d7 Rd8 34. Rxf4 gxf4+ 35. Kxg4 Be6+ 36. Kxf4 Bxd7 37. Ke3 1-0

[Event "Southern California op 33rd"]
[Site "San Diego"]
[Date "2011.09.04"]
[Round "3"]
[White "Bruno, Ronald"]
[Black "Chen, Shijie"]
[Result "1-0"]
[WhiteElo "2284"]
[BlackElo "1989"]
[PlyCount "71"]
[EventDate "2011.09.03"]
[EventType "swiss"]
[EventRounds "6"]
[EventCountry "USA"]
[SourceTitle "EXT 2013"]
[Source "ChessBase"]
[SourceDate "2012.11.22"]
[SourceVersion "1"]
[SourceVersionDate "2012.11.22"]
[SourceQuality "1"]

1. e4 c5 2. Nf3 d6 3. d4 cxd4 4. Nxd4 Nf6 5. Nc3 a6 6. Rg1 e5 7. Nb3 b5 8. g4 b4 9. Nd5 Nxd5 10. Qxd5 Ra7 11. Be3 Be6 12. Qd2 Rb7 13. 0-0-0 Qc7 14. f4 Nd7 15. Kb1 Nf6 16. Bxa6 Rb8 17. g5 Nxe4 18. Qd3 f5 19. gxf6 Nxf6 20. fxe5 dxe5 21. Bb5+ Kf7 22. Rdf1 Qd6 23. Qe2 Qd5 24. Ba6 Be7 25. Bg5 Rhf8 26. Bd3 Kg8 27. Bh6 Rf7 28. Rg5 Bd6 29. Rxf6 Rxf6 30. Rxg7+ Kf8 31. Rxh7+ Ke8 32. Be4 Rf1+ 33. Qxf1 Qxe4 34. Rh8+ Kd7 35. Rxb8 Bxb3 36. Qb5+ 1-0